000 00566nam a2200241 a 4500
001 nice12345678
003 IN_TiNIC
005 20260116011440.0
008 050524s0000 dela grp 000 0 urd
020 _a
_c3
082 0 0 _a891.4397
_bAZA
100 _aAzad, Abul Kalam
245 _aTanziyat-E-Azad
260 _aDelhi
_bTaj Publishers
_c0000
300 _a148p
500 _aincludes index and biblioraphy
505 2 _aindex
650 _aUrdu-Literature-humour
700 1 _aAzad, Abul Kalam
902 _bSRS
942 _cBK
999 _c1637
_d1637